| 000 | 00504nam a2200181Ia 4500 | ||
|---|---|---|---|
| 005 | 20250326125204.0 | ||
| 008 | 250326s9999 xx 000 0 und d | ||
| 037 | _aTextbook | ||
| 040 |
_aFMSL _beng _cFMSL |
||
| 041 |
_aeng _2eng |
||
| 084 |
_aX3:8M K9 _qFMSL |
||
| 100 |
_aRedfield C E _9738623 |
||
| 245 | 0 |
_aCommunication in management _cRedfield C E |
|
| 260 |
_aLondon _bLondon, University Of Chicago _c1969 |
||
| 300 | _a314p | ||
| 942 |
_cTB _hX3:8M K9 |
||
| 999 |
_c1276932 _d1276932 |
||